000
00186 a2200085 4500
020
_a
9781445601496
100
_a
TONY ROOK
245
_a
ROMAN BUILDING TECHNIQUES
260
_b
AMBERLEY PUB PLC
999
_c
13173
_d
13173